<?xml version="1.0" encoding="UTF-8"?>
<record
    xmlns:xsi="http://www.w3.org/2001/XMLSchema-instance"
    xsi:schemaLocation="http://www.loc.gov/MARC21/slim http://www.loc.gov/standards/marcxml/schema/MARC21slim.xsd"
    xmlns="http://www.loc.gov/MARC21/slim">

  <leader>01708nam a2200349 i 4500</leader>
  <controlfield tag="001">32497</controlfield>
  <controlfield tag="003">BD-RjUL</controlfield>
  <controlfield tag="005">20211209051838.0</controlfield>
  <controlfield tag="008">140426r19531914mau           000 0 eng d</controlfield>
  <datafield tag="035" ind1=" " ind2=" ">
    <subfield code="a">(OCoLC)ocm06263709</subfield>
  </datafield>
  <datafield tag="035" ind1=" " ind2=" ">
    <subfield code="a">(BD-RjUL)32586</subfield>
  </datafield>
  <datafield tag="035" ind1=" " ind2=" ">
    <subfield code="a">(NNC)1974938</subfield>
  </datafield>
  <datafield tag="040" ind1=" " ind2=" ">
    <subfield code="a">UMR</subfield>
    <subfield code="c">UMR</subfield>
    <subfield code="d">OCL</subfield>
    <subfield code="d">VFY</subfield>
    <subfield code="d">BD-RjUL</subfield>
    <subfield code="b">eng</subfield>
  </datafield>
  <datafield tag="041" ind1=" " ind2=" ">
    <subfield code="a">eng</subfield>
  </datafield>
  <datafield tag="082" ind1=" " ind2=" ">
    <subfield code="a">184</subfield>
    <subfield code="b">PLP V-1 1953</subfield>
  </datafield>
  <datafield tag="100" ind1="0" ind2=" ">
    <subfield code="a">Plato.</subfield>
    <subfield code="9">98871</subfield>
  </datafield>
  <datafield tag="245" ind1="1" ind2="0">
    <subfield code="a">Plato :</subfield>
    <subfield code="b">with an English translation /</subfield>
    <subfield code="n">1</subfield>
    <subfield code="p">Euthyphro.  Apology.  Crito.  Phaedo.  Phaedrus</subfield>
  </datafield>
  <datafield tag="260" ind1=" " ind2=" ">
    <subfield code="a">Cambridge, Mass. :</subfield>
    <subfield code="b">Harvard University Press ;</subfield>
    <subfield code="a">London :</subfield>
    <subfield code="b">W. Heinemann,</subfield>
    <subfield code="c">1914 [Reprinted 1953].</subfield>
  </datafield>
  <datafield tag="300" ind1=" " ind2=" ">
    <subfield code="a">xx, 583, [9] p. ;</subfield>
    <subfield code="c">17 cm.</subfield>
  </datafield>
  <datafield tag="490" ind1="1" ind2=" ">
    <subfield code="a">The Loeb classical library ;</subfield>
    <subfield code="v">36, 165, 166, 167, 237, 276, 123, 164, 234, 187, 192, 201</subfield>
  </datafield>
  <datafield tag="504" ind1=" " ind2=" ">
    <subfield code="a">Includes bibliographical references.</subfield>
  </datafield>
  <datafield tag="505" ind1="0" ind2=" ">
    <subfield code="a">1. Euthyphro.  Apology.  Crito.  Phaedo.  Phaedrus.--2. Laches.  Protagoras.  Meno.  Euthydemus.--3. Lysis.  Symposium.  Gorgias.--4. Cratylus.  Parmenides.  Greater Hippias.  Lesser Hippias.--5-6. Republic.--7. Theaetetus.  Sophist.--8. The statesman.  Philebus.  Ion.--9. Timaeus.  Critias.  Cleitophon.  Menexenus.  Epistles.--10-11. The laws.--12. Charmides.  Alcibiades.  Hipparchus.  The lovers.  Theages.  Minos.  Epinomis.</subfield>
  </datafield>
  <datafield tag="830" ind1=" " ind2="0">
    <subfield code="v">36, etc.</subfield>
    <subfield code="9">104371</subfield>
  </datafield>
  <datafield tag="700" ind1="1" ind2=" ">
    <subfield code="a">Fowler, Harold North,</subfield>
    <subfield code="d">1859-1955,</subfield>
    <subfield code="e">translator.</subfield>
    <subfield code="9">98873</subfield>
  </datafield>
  <datafield tag="700" ind1="1" ind2=" ">
    <subfield code="a">Lamb, W. R. M.</subfield>
    <subfield code="q">(Walter Rangeley Maitland),</subfield>
    <subfield code="d">1882-,</subfield>
    <subfield code="e">translator.</subfield>
    <subfield code="9">98874</subfield>
  </datafield>
  <datafield tag="700" ind1="1" ind2=" ">
    <subfield code="a">Bury, Robert Gregg,</subfield>
    <subfield code="d">1869-</subfield>
    <subfield code="9">93712</subfield>
  </datafield>
  <datafield tag="700" ind1="1" ind2=" ">
    <subfield code="a">Shorey, Paul,</subfield>
    <subfield code="d">1857-1934,</subfield>
    <subfield code="e">translator.</subfield>
    <subfield code="9">95088</subfield>
  </datafield>
  <datafield tag="740" ind1="0" ind2="1">
    <subfield code="a">Plato in twelve volumes.</subfield>
  </datafield>
  <datafield tag="830" ind1=" " ind2="0">
    <subfield code="a">Loeb classical library ;</subfield>
    <subfield code="9">104372</subfield>
  </datafield>
  <datafield tag="942" ind1=" " ind2=" ">
    <subfield code="2">ddc</subfield>
    <subfield code="c">BK</subfield>
  </datafield>
  <datafield tag="999" ind1=" " ind2=" ">
    <subfield code="c">32497</subfield>
    <subfield code="d">32497</subfield>
  </datafield>
  <datafield tag="952" ind1=" " ind2=" ">
    <subfield code="0">0</subfield>
    <subfield code="1">0</subfield>
    <subfield code="2">ddc</subfield>
    <subfield code="4">0</subfield>
    <subfield code="7">1</subfield>
    <subfield code="8">NFIC</subfield>
    <subfield code="a">RUCL</subfield>
    <subfield code="b">RUCL</subfield>
    <subfield code="c">Reading</subfield>
    <subfield code="d">1955-03-09</subfield>
    <subfield code="e">Simphin Morshall</subfield>
    <subfield code="g">15.50</subfield>
    <subfield code="l">0</subfield>
    <subfield code="o">184 PLP V-1 1953</subfield>
    <subfield code="r">2014-04-26 00:00:00</subfield>
    <subfield code="t">C-1</subfield>
    <subfield code="w">2014-04-26</subfield>
    <subfield code="y">BK</subfield>
  </datafield>
</record>
